V Jornada de Direito Civil

-д хадгалсан:
Номзүйн дэлгэрэнгүй
Байгууллагын зохиогчид: Conselho da Justica Federal (Зохиогч), Centro de Estudos Judiciários (Зохиогч)
Формат: Ном
Хэл сонгох:португал
Хэвлэсэн: Brasilia Conselho da Justica Federal 2012
Brasilia Centro de Estudos Judiciários 2012
Нөхцлүүд:
Шошгууд: Шошго нэмэх
Шошго байхгүй, Энэхүү баримтыг шошголох эхний хүн болох!

MARC

LEADER 00000cam a2200000 a 4500
001 UCF3360
003 CL-VaPUC
005 20231103091629.0
008 121011e20120500bl 1 por d
020 |a 97885855792952 
044 |a bl  |2 marc 
044 |a bl  |2 marc 
082 0 4 |a 346.81  |b CEN  |2 21 
110 2 |a Conselho da Justica Federal  |e author  |9 621934 
710 2 |a Centro de Estudos Judiciários  |e author  |9 621935 
245 1 0 |a V Jornada de Direito Civil 
260 |a Brasilia  |b Conselho da Justica Federal  |c 2012 
260 |a Brasilia  |b Centro de Estudos Judiciários  |c 2012 
300 |a 388 p 
583 |a last modification  |c 20121011 12:23:00  |k Rodrigo Vera 
650 0 0 |a Derecho civil  |9 255013 
650 0 0 |a Código civil brasileño  |9 568385 
650 0 7 |a RESPONSABILIDAD CIVIL  |2 CL-VaPUC  |9 621936 
650 0 0 |a Obligaciones   |9 255578 
650 0 0 |a Derecho de familia  |9 255603 
651 0 |a Brasil  |9 267393 
942 |c BK 
945 |a dcastane  |d 20121011 00:00:00 
546 |a En Portugués 
536 |a Conselho da Justica Federal 
518 |p Jornada de Direito Civil, 5, Brasilia, 8-10 de noviembre de 2011 
999 |c 384705  |d 384703 
952 |0 0  |1 0  |4 0  |6 346_810000000000000_CEN_2012  |7 0  |8 A  |9 507625  |a BIBDER  |b BIBDER  |d 2020-01-23  |i 489345K  |o 346.81 CEN 2012  |p 489345K  |r 2023-01-25  |w 2020-01-23  |y BK  |k DER